| 000 | 00396nam a22001577a 4500 | ||
|---|---|---|---|
| 020 | _a60035000010206 | ||
| 082 |
_a894.812.3 _bHAR/O |
||
| 100 | _aV R HARSHAN | ||
| 245 | _aORU RAHASYANWESHAKANTEDIARY KURUPPUKAL | ||
| 250 | _aFIRST | ||
| 260 |
_aTHRISSUR _bH&C PUBLISHING _c2006 |
||
| 300 | _a96 | ||
| 520 | _aSTORY OF PRIVATE DETECTIVE | ||
| 650 |
_aMALAYALAM SHORT STORY _zKERALA |
||
| 942 | _cBK | ||
| 999 |
_c1119 _d1119 |
||